Veľkí a velikášski v Európskej únii

Úvaha autora o potrebe politickej reformy v Európskej únii. Veľké štáty versus malé štáty EÚ. Reflexia o historických obdobiach politických reforiem v Európe.

Guardado en:
Detalles Bibliográficos
Autor principal: Bracjun, Anatolij
Formato: Capítulo de libro
Lenguaje:eslovaco
Materias:
Etiquetas: Agregar Etiqueta
Sin Etiquetas, Sea el primero en etiquetar este registro!

MARC

LEADER 00000naa$a2200000$$$4500
001 0019609
005 20231004123710.1
041 0 |a slo 
044 |a SK 
245 1 0 |a Veľkí a velikášski v Európskej únii  |c Anatolij Bracjun 
520 |a Úvaha autora o potrebe politickej reformy v Európskej únii. Veľké štáty versus malé štáty EÚ. Reflexia o historických obdobiach politických reforiem v Európe. 
610 2 0 |a Európska únia 
610 2 0 |a stabilita politická 
610 2 0 |a história 
610 2 0 |a teórie politické 
610 2 0 |a voľby 
610 2 0 |a politika medzinárodná 
100 1 |a Bracjun, Anatolij